000 00212 a2200085 4500
020 _a978-0486253329
100 _a Le Corbusier
245 _aThe City of To-morrow and Its Planning
260 _bDover Publications
_c1987
999 _c13304
_d13304